Premier League top 10 2024-25 - Statistiques

Statistiques générales
  • Ce quiz a été pris 91 fois
  • Le résultat moyen est 6 sur 10
Statistiques - réponses
Hint Réponse % Correct
1 Liverpool
99%
2 Arsenal
96%
4 Chelsea
93%
6 Aston Villa
83%
5 Newcastle
63%
3 Man city
62%
8 Brighton
53%
9 Bournemouth
37%
10 Brentford
28%
7 Nottm forest
2%
Aucun quiz correspondant
Distribution des résultats
% des personnes avec chaque résultat
Percentile par nombre de réponses
Votre historique - résultats
Vous n’avez pas pris ce quiz